00768nam a22002057a 4500999001900000005001700019010001500036020002700051035001400078037001300092082001300105100003200118245011800150260004200268270005400310300002100364700002500385942002700410952012500437 c188864d18886420220606170243.0 aENG-133042 a9789381274255c1195.00 aEN-116574 bDBAD/PUB a307.1412 aChattopadhyay, Pranab Kumar aChallenges of Livelihood and Inclusive Rural Development in the Era of Globalization/cPranab Kumar Chattopadhyay aNew DelhibNew Delhi Publishersc2013 a90, Sainik Vihar, Mohan GardenbNew Delhie110059 a464p.c22cm(hbk) aSudipta Bhattacharya 2ddccENmCHAh307.1412 001040708NFICaBNbBNd2022-06-06eDBAD/PUBg1195.00l0o307.1412 CHApEN-116574r2022-06-06 00:00:00t1v1195.00yEN